[Event "Olimpiade 2024 - Donne"]
[Site "Budapest"]
[Date "20.09.2024"]
[Round "9.20"]
[Board "2"]
[White "Olde, Margareth"]
[Black "Verbin, Valentina"]
[Result "1/2-1/2"]
[WhiteTitle "WIM"]
[BlackTitle "WFM"]
[WhiteElo "2135"]
[BlackElo "2071"]
[WhiteTeam "Estonia"]
[BlackTeam "Moldova"]
[WhiteFideId "4503082"]
[BlackFideId "13905910"]
[EventDate "2024.09.11"]

1. d4 Nf6 2. c4 e6 3. g3 d5 4. Nf3 dxc4 5. Bg2 c6 6. a4 Bb4+ 7. Bd2 a5 8. Qc2
Bxd2+ 9. Qxd2 b5 10. axb5 cxb5 11. Qg5 O-O 12. Qxb5 Ba6 13. Qc5 Nbd7 14. Qxa5
Bb7 15. Qxd8 Rxa1 16. Qxf8+ Kxf8 17. O-O Ra2 18. Nbd2 Rxb2 19. Nxc4 Rxe2 20.
Nfd2 Bxg2 21. Kxg2 Ne4 22. Nxe4 Rxe4 23. Rd1 Re2 24. Kf3 Rc2 25. Ne5 Rc3+ 26.
Kg2 Ke7 27. Ra1 f6 28. Nxd7 Kxd7 29. Ra7+ Rc7 30. Ra6 Ke7 31. Kf3 Kf7 32. h4 1/2-1/2

[Event "Olimpiade 2024 - Donne"]
[Site "Budapest"]
[Date "20.09.2024"]
[Round "9.20"]
[Board "3"]
[White "Mihailova, Alina"]
[Black "Blokhin, Sofia"]
[Result "0-1"]
[WhiteTitle "WFM"]
[BlackTitle "WFM"]
[WhiteElo "1969"]
[BlackElo "2036"]
[WhiteTeam "Moldova"]
[BlackTeam "Estonia"]
[WhiteFideId "13907018"]
[BlackFideId "4508190"]
[EventDate "2024.09.11"]

1. d4 f5 2. c4 Nf6 3. Nc3 g6 4. h4 d6 5. h5 Nxh5 6. e4 Nf6 7. Bd3 e5 8. Bg5 exd4
9. Bxf6 Qxf6 10. Nd5 Qf7 11. exf5 Bxf5 12. Bxf5 gxf5 13. Nf3 Nc6 14. Ng5 Qg6 15.
Nxc7+ Kd7 16. Nxa8 Qxg5 17. Qb3 Kc8 18. Kf1 Kb8 19. Re1 Be7 20. Nb6 axb6 21.
Qxb6 Rg8 22. g3 h5 23. Rh4 Qg6 24. Rxd4 Bd8 25. Qb5 Nxd4 26. Qd5 f4 27. Qxd4
fxg3 28. fxg3 Qxg3 29. Re3 Qg1+ 30. Ke2 Rg2+ 0-1

[Event "Olimpiade 2024 - Donne"]
[Site "Budapest"]
[Date "20.09.2024"]
[Round "9.20"]
[Board "4"]
[White "Olde, Grete"]
[Black "Petricenco, Ana"]
[Result "0-1"]
[WhiteTitle "WCM"]
[BlackTitle "WFM"]
[WhiteElo "1952"]
[BlackElo "1894"]
[WhiteTeam "Estonia"]
[BlackTeam "Moldova"]
[WhiteFideId "4503104"]
[BlackFideId "13908596"]
[EventDate "2024.09.11"]

1. e4 c5 2. Nf3 d6 3. d4 cxd4 4. Qxd4 Nc6 5. Qd3 e6 6. c4 Nf6 7. Nc3 a6 8. Be2
Be7 9. O-O O-O 10. h3 b6 11. Be3 Bb7 12. a3 Rc8 13. b4 Nd7 14. Bf4 Nde5 15. Nxe5
dxe5 16. Bh2 Qxd3 17. Bxd3 Rfd8 18. Rfd1 Rd7 19. Bf1 Rcd8 20. Rdb1 Bd6 21. Na4
Bc7 22. c5 b5 23. Nc3 Nd4 24. a4 Bc6 25. axb5 axb5 26. Bg3 Rb8 27. Ra7 f6 28. f3
Kf7 29. Bf2 Ke8 30. Rd1 Kd8 31. Ra6 Ke7 32. Ra7 Kd8 33. Ra2 Ke7 34. Rad2 Rbd8
35. Bxd4 Rxd4 36. Rxd4 exd4 37. Ne2 e5 38. Ra1 Kd7 39. Nc1 Kc8 40. Kf2 Kb7 41.
Nb3 Rb8 42. h4 Bd8 43. Bd3 Bc7 44. g4 Rf8 45. Kg3 Rb8 46. g5 f5 47. Kg2 f4 48.
Kf2 Rc8 49. h5 Rg8 50. Bf1 Rd8 51. Bd3 Rg8 52. Nd2 Bd8 53. g6 h6 54. Nf1 Bh4+
55. Kg2 Bd8 56. Nh2 Bc7 57. Ng4 Bd7 58. Kf2 Rh8 59. Be2 Rg8 60. Bd1 Be6 61. Be2
Bd7 62. Kg2 Rh8 63. Nf2 Rb8 64. Nd3 Be6 65. c6+ Kxc6 66. Nc5 Bc4 67. Kf2 Bd6 68.
Ra6+ Rb6 69. Ra7 Bxc5 70. Rxg7 Bf8 71. Rh7 Rb7 72. Rh8 Bg7 73. Rc8+ Rc7 74. Rb8
d3 75. Bd1 d2 76. Ra8 Kd6 77. Be2 Ke7 78. Ra1 Kf6 0-1

[Event "Olimpiade 2024 - Donne"]
[Site "Budapest"]
[Date "20.09.2024"]
[Round "9.21"]
[Board "1"]
[White "Kanakova, Natalie"]
[Black "Tan, Li Ting"]
[Result "0-1"]
[WhiteTitle "WIM"]
[BlackTitle "WFM"]
[WhiteElo "2145"]
[BlackElo "2037"]
[WhiteTeam "Czech Republic"]
[BlackTeam "Malaysia"]
[WhiteFideId "350486"]
[BlackFideId "5704820"]
[EventDate "2024.09.11"]

1. e4 e5 2. Nf3 Nc6 3. d4 exd4 4. Bc4 Nf6 5. e5 d5 6. Bb5 Ne4 7. Nxd4 Bd7 8.
Bxc6 bxc6 9. O-O Bc5 10. f3 Ng5 11. f4 Ne4 12. Be3 Bb6 13. Nd2 c5 14. N4f3 Bg4
15. h3 Bxf3 16. Qxf3 f5 17. Nxe4 fxe4 18. Qg4 Qe7 19. Rad1 c6 20. f5 Qxe5 21.
Bf4 c4+ 22. Kh1 Qe7 23. Qg3 Qf7 24. f6 g6 25. Bd6 O-O-O 26. Be7 Rd7 27. c3 Re8
28. Qg4 Bd8 29. Bxd8 Kxd8 30. Qf4 Kc8 31. b3 cxb3 32. Rb1 Rb7 33. Qd6 Re6 34.
Qc5 bxa2 35. Rxb7 Kxb7 36. Ra1 Rxf6 37. Rxa2 Ka8 38. Rb2 Rf1+ 39. Kh2 Qc7+ 40.
g3 Rf3 41. Kh1 Qd7 42. Kg2 h5 43. h4 Qc7 44. Kh1 e3 45. c4 Rf2 46. Rb1 Qd7 47.
Kg1 d4 48. Ra1 Rf5 49. Rxa7+ Qxa7 50. Qxc6+ Qb7 51. Qa4+ Kb8 52. Qe8+ Ka7 53.
Qa4+ Kb6 54. c5+ Kxc5 55. Qa5+ Kd6 56. Qd8+ Qd7 57. Qb6+ Ke7 58. Qxg6 e2 59.
Qg7+ Rf7 60. Qg5+ Kd6 61. Qd2 Rf1+ 62. Kh2 Rh1+ 63. Kg2 Qc6+ 64. Kf2 Rh2+ 0-1

[Event "Olimpiade 2024 - Donne"]
[Site "Budapest"]
[Date "20.09.2024"]
[Round "9.21"]
[Board "2"]
[White "Azhar, Puteri Munajjah Az-Zahraa"]
[Black "Rodshtein, Tereza"]
[Result "1/2-1/2"]
[WhiteTitle "WIM"]
[BlackTitle "WGM"]
[WhiteElo "2014"]
[BlackElo "2149"]
[WhiteTeam "Malaysia"]
[BlackTeam "Czech Republic"]
[WhiteFideId "5709040"]
[BlackFideId "325449"]
[EventDate "2024.09.11"]

1. Nf3 d5 2. g3 c6 3. Bg2 Bg4 4. d3 Nd7 5. h3 Bh5 6. g4 Bg6 7. Nh4 e5 8. Nxg6
hxg6 9. e3 Bd6 10. Qe2 Ne7 11. e4 dxe4 12. dxe4 Nf8 13. c3 Ne6 14. O-O g5 15.
Be3 Ng6 16. Nd2 Nef4 17. Bxf4 Nxf4 18. Qe3 Qe7 19. b4 O-O-O 20. Nc4 Bb8 21. Rfd1
Qe6 22. Bf1 g6 23. Rxd8+ Rxd8 24. Re1 Rh8 25. a4 Bc7 26. a5 Kb8 27. Qc5 Qf6 28.
Qe3 Ne6 29. Rd1 Qf4 30. Rd7 Qf6 31. a6 Rd8 32. Rxd8+ Qxd8 33. axb7 Kxb7 34. Qd2
Qxd2 35. Nxd2 c5 36. b5 Ba5 37. Nb1 Kc7 38. f3 Kd6 39. Kf2 f6 40. Ke3 Nf4 41.
Kd2 Bb6 42. Na3 Kd7 43. Nc4 Ke7 44. Ne3 Kd6 45. Nc4+ Ke7 46. Ne3 Kd6 1/2-1/2

[Event "Olimpiade 2024 - Donne"]
[Site "Budapest"]
[Date "20.09.2024"]
[Round "9.21"]
[Board "3"]
[White "Korenova, Martina"]
[Black "Azhar, Puteri Rifqah Fahada"]
[Result "0-1"]
[WhiteTitle "WIM"]
[BlackTitle "WFM"]
[WhiteElo "2104"]
[BlackElo "1947"]
[WhiteTeam "Czech Republic"]
[BlackTeam "Malaysia"]
[WhiteFideId "302805"]
[BlackFideId "5702879"]
[EventDate "2024.09.11"]

1. d4 d5 2. c4 c6 3. Nf3 Nf6 4. g3 e6 5. Bg2 Nbd7 6. O-O Ne4 7. Nfd2 f5 8. f3
Nxd2 9. Nxd2 Nf6 10. b3 Qa5 11. Qc2 Ba3 12. e4 O-O 13. e5 Ne8 14. Bxa3 Qxa3 15.
Nb1 Qe7 16. f4 Bd7 17. Nc3 Rc8 18. Qe2 Kh8 19. Kh1 Nc7 20. c5 Nb5 21. Qd3 Nxc3
22. Qxc3 Rg8 23. b4 g5 24. a4 g4 25. Rfb1 a6 26. Bf1 Ra8 27. b5 axb5 28. axb5
Rgc8 29. Ra5 Qd8 30. Rba1 cxb5 31. Bxb5 Bxb5 32. Rxb5 Rxa1+ 33. Qxa1 Qd7 34. Qa5
Kg7 35. Qb4 Rc7 36. Rb6 Qf7 37. Qa5 Re7 38. Rd6 h6 39. Qb6 Kh7 40. Rd8 Kg7 41.
Ra8 Kh7 42. Qd8 Qg7 43. Ra7 Rd7 44. Qc8 Re7 45. Ra8 Rd7 46. Kg2 Re7 47. Kf2 h5
48. Ke3 h4 49. Kd3 hxg3 50. hxg3 Kg6 51. Kc3 Qh6 52. Kb4 Qh1 53. Qg8+ Rg7 54.
Qxe6+ Kh7 55. Qxf5+ Rg6 56. Ra3 Qe1+ 57. Kb5 Qe2+ 58. Qd3 Qb2+ 59. Rb3 Qa2 60.
Kb4 Kh6 61. f5 Ra6 62. Kc3 Qa1+ 63. Kd2 Ra2+ 64. Ke3 Qc1+ 0-1

[Event "Olimpiade 2024 - Donne"]
[Site "Budapest"]
[Date "20.09.2024"]
[Round "9.21"]
[Board "4"]
[White "Nithyalakshmi, Sivanesan"]
[Black "Novosadova, Kristyna"]
[Result "1-0"]
[WhiteTitle "WCM"]
[BlackTitle "WIM"]
[WhiteElo "1912"]
[BlackElo "2066"]
[WhiteTeam "Malaysia"]
[BlackTeam "Czech Republic"]
[WhiteFideId "5706955"]
[BlackFideId "328065"]
[EventDate "2024.09.11"]

1. e4 e5 2. Nf3 Nc6 3. d4 exd4 4. Nxd4 Bc5 5. Nb3 Bb6 6. Nc3 Qf6 7. Qe2 Nge7 8.
Be3 d6 9. O-O-O Bd7 10. f3 h5 11. h4 Bxe3+ 12. Qxe3 a6 13. Kb1 Ne5 14. Nd2 Qh6
15. Qg1 Be6 16. Be2 b5 17. g4 g6 18. g5 Qg7 19. f4 N5c6 20. Nb3 Bc4 21. Bf3 b4
22. Nd5 Nxd5 23. exd5 Bxb3 24. Qe3+ Kd8 25. Rhe1 Bxa2+ 26. Kxa2 Nb8 27. Rd4 a5
28. Qe7+ Kc8 29. Rc4 Ra7 30. Bg2 Na6 31. Qxd6 Kb8 32. Qd7 a4 33. Qb5+ Rb7 34.
Qxa6 a3 35. Re5 Rb6 36. Qa5 1-0

[Event "Olimpiade 2024 - Donne"]
[Site "Budapest"]
[Date "20.09.2024"]
[Round "9.22"]
[Board "1"]
[White "Zherebtsova, Alexandra"]
[Black "Shohradova, Lala"]
[Result "1-0"]
[WhiteTitle "FM"]
[BlackTitle "WFM"]
[WhiteElo "2239"]
[BlackElo "2030"]
[WhiteTeam "Montenegro"]
[BlackTeam "Turkmenistan"]
[WhiteFideId "24129518"]
[BlackFideId "14004089"]
[EventDate "2024.09.11"]

1. c4 Nf6 2. Nc3 d5 3. cxd5 Nxd5 4. Nf3 c5 5. g3 Nc6 6. Bg2 e6 7. O-O Be7 8. d3
O-O 9. Bd2 b6 10. Nxd5 exd5 11. Bc3 d4 12. Bd2 Be6 13. Qa4 Bd5 14. e4 dxe3 15.
fxe3 Rc8 16. Bc3 Nb4 17. Bxb4 cxb4 18. d4 a5 19. Rf2 Qe8 20. Qxe8 Rfxe8 21. Ne1
Bxg2 22. Nxg2 Bg5 23. Re1 a4 24. Rf5 Be7 25. Rf2 Bf6 26. Kf1 Bg5 27. Rf5 Be7 28.
Rf2 a3 29. b3 Bg5 30. h4 Bh6 31. Rf5 Rc2 32. Re2 Rec8 33. Rxc2 Rxc2 34. Rf2 Rc1+
35. Ke2 g6 36. g4 Bf8 37. Kf3 Be7 38. Rd2 Kf8 39. g5 Bd6 40. e4 Rf1+ 41. Rf2 Rd1
42. e5 Bc7 43. Rc2 Bd8 44. Ke4 b5 45. d5 Bb6 46. d6 Rd4+ 47. Kf3 Rd3+ 48. Kg4
Ke8 49. Nf4 Rd1 50. Rc8+ Bd8 51. Rb8 Rd2 52. Kf3 Rxa2 53. e6 fxe6 54. Nxe6 Kd7
55. Nf8+ Kxd6 56. Rxd8+ Ke7 57. Ra8 Rb2 58. Nxh7 Rxb3+ 59. Kf4 Rh3 60. h5 b3 61.
Ra7+ Kd6 62. Rxa3 b2 63. Rxh3 b1=Q 64. hxg6 Qb4+ 65. Kf5 Qc5+ 66. Kg4 Qd4+ 67.
Kh5 Ke7 68. Kh6 Qg4 69. Re3+ Kd6 70. g7 Qh4+ 71. Kg6 Qd4 72. Re8 Qd3+ 73. Kh6
Qh3+ 74. Kg6 Qd3+ 75. Kf7 Qc4+ 76. Kf8 Qf4+ 77. Nf6 Qxg5 78. Ne4+ 1-0

[Event "Olimpiade 2024 - Donne"]
[Site "Budapest"]
[Date "20.09.2024"]
[Round "9.22"]
[Board "2"]
[White "Agajanova, Meryem"]
[Black "Milovic, Aleksandra"]
[Result "1-0"]
[WhiteTitle "WCM"]
[BlackTitle "WIM"]
[WhiteElo "2007"]
[BlackElo "2121"]
[WhiteTeam "Turkmenistan"]
[BlackTeam "Montenegro"]
[WhiteFideId "14005930"]
[BlackFideId "933988"]
[EventDate "2024.09.11"]

1. d4 f5 2. Nf3 Nf6 3. g3 g6 4. Bg2 Bg7 5. O-O O-O 6. b3 d6 7. Bb2 Qe8 8. c4 Na6
9. a3 Rb8 10. Qc2 b5 11. cxb5 Qxb5 12. b4 Ne4 13. Nc3 Qc4 14. Nd2 Qxd4 15. Ndxe4
fxe4 16. Bxe4 Bf5 17. Rab1 c5 18. Bxf5 gxf5 19. b5 Qc4 20. bxa6 Rb3 21. Ba1 Rxa3
22. Rfc1 Rxa6 23. Qd3 Qxd3 24. exd3 Bxc3 25. Bxc3 f4 26. Rb7 fxg3 27. hxg3 Kf7
28. Re1 Re8 29. d4 c4 30. d5 Ra3 31. Re3 a5 32. Rc7 a4 1-0

[Event "Olimpiade 2024 - Donne"]
[Site "Budapest"]
[Date "20.09.2024"]
[Round "9.22"]
[Board "3"]
[White "Koljevic, Nikolina"]
[Black "Shohradova, Leyla"]
[Result "1/2-1/2"]
[WhiteTitle "WFM"]
[BlackTitle "WCM"]
[WhiteElo "2030"]
[BlackElo "1873"]
[WhiteTeam "Montenegro"]
[BlackTeam "Turkmenistan"]
[WhiteFideId "16503945"]
[BlackFideId "14004259"]
[EventDate "2024.09.11"]

1. e4 e6 2. d4 d5 3. Nc3 Bb4 4. e5 Ne7 5. a3 Bxc3+ 6. bxc3 c5 7. Qg4 cxd4 8.
Qxg7 Rg8 9. Qxh7 Qc7 10. Ne2 Nbc6 11. f4 dxc3 12. h4 Bd7 13. h5 O-O-O 14. Qd3 d4
15. Rb1 Nd5 16. Nxd4 Nxd4 17. Qxd4 Kb8 18. h6 Bc6 19. h7 Rh8 20. Bd3 Qe7 21. Rh6
Qf8 22. f5 Qg7 23. g4 Rxh7 24. f6 Qxh6 25. Bxh6 Rxh6 26. Be4 Rdh8 27. Bxd5 Bxd5
28. Rd1 Rh1+ 29. Kf2 R1h2+ 30. Kg3 R2h3+ 31. Kf2 Rh2+ 32. Kg3 Rg2+ 33. Kf4 Rg8
34. Qc5 R8xg4+ 35. Ke3 Re4+ 36. Kf3 Rd2 37. Qd6+ Kc8 38. Qf8+ Kc7 39. Qd6+ Kc8
40. Qf8+ Kc7 41. Qd6+ 1/2-1/2

[Event "Olimpiade 2024 - Donne"]
[Site "Budapest"]
[Date "20.09.2024"]
[Round "9.22"]
[Board "4"]
[White "Arazmedova, Enesh"]
[Black "Popovic, Mateja"]
[Result "1-0"]
[WhiteElo "1761"]
[BlackElo "1932"]
[WhiteTeam "Turkmenistan"]
[BlackTeam "Montenegro"]
[WhiteFideId "14006448"]
[BlackFideId "16504518"]
[EventDate "2024.09.11"]

1. e4 c5 2. Nf3 d6 3. d4 cxd4 4. Nxd4 Nf6 5. Nc3 Nc6 6. Bc4 a6 7. Nxc6 bxc6 8.
e5 d5 9. exf6 dxc4 10. Qxd8+ Kxd8 11. fxe7+ Bxe7 12. Bf4 Be6 13. Na4 Bb4+ 14. c3
Ba5 15. Nc5 Kc8 16. Nxe6 Re8 17. O-O-O Rxe6 18. Rhe1 Bc7 19. Bxc7 Kxc7 20. Rxe6
fxe6 21. Rd4 Rf8 22. f3 Rf6 23. Rg4 Rg6 24. Rxg6 hxg6 25. h4 Kd6 26. Kd2 c5 27.
Ke3 Ke5 28. g4 a5 29. a4 Kf6 30. Ke4 g5 31. hxg5+ Kxg5 1-0

[Event "Olimpiade 2024 - Donne"]
[Site "Budapest"]
[Date "20.09.2024"]
[Round "9.23"]
[Board "1"]
[White "Mayorga Araya, Sofia"]
[Black "Terao, Juliana Sayumi"]
[Result "0-1"]
[WhiteTitle "WIM"]
[BlackTitle "FM"]
[WhiteElo "2059"]
[BlackElo "2161"]
[WhiteTeam "Costa Rica"]
[BlackTeam "Brazil"]
[WhiteFideId "6514065"]
[BlackFideId "2109220"]
[EventDate "2024.09.11"]

1. e4 e5 2. Nf3 Nc6 3. Bb5 a6 4. Ba4 Nf6 5. Qe2 b5 6. Bb3 Bc5 7. c3 O-O 8. O-O
d6 9. Rd1 Bb6 10. d4 exd4 11. cxd4 Bg4 12. Be3 Qe8 13. Nc3 Nxe4 14. Nxe4 Qxe4
15. Bc2 Qd5 16. Qd3 Qh5 17. Qe4 Nb4 18. Bb1 Rae8 19. Qf4 Nd5 20. Qg3 Nxe3 21.
fxe3 Rxe3 22. Bc2 Bxf3 23. gxf3 Rxf3 24. Qe1 Rf4 25. Rd3 Bxd4+ 26. Kg2 Qd5+ 27.
Kh3 Qf5+ 28. Kg2 Rf2+ 29. Kg3 Qf4+ 0-1

[Event "Olimpiade 2024 - Donne"]
[Site "Budapest"]
[Date "20.09.2024"]
[Round "9.23"]
[Board "2"]
[White "Librelato, Kathie Goulart"]
[Black "Rodriguez Arrieta, Maria Elena"]
[Result "1-0"]
[WhiteTitle "WIM"]
[BlackTitle "WIM"]
[WhiteElo "2181"]
[BlackElo "1941"]
[WhiteTeam "Brazil"]
[BlackTeam "Costa Rica"]
[WhiteFideId "2153963"]
[BlackFideId "6502911"]
[EventDate "2024.09.11"]

1. e4 e5 2. Nf3 Nc6 3. Bb5 a6 4. Ba4 Nf6 5. O-O Be7 6. Re1 b5 7. Bb3 d6 8. c3
O-O 9. h3 Nb8 10. d4 Nbd7 11. Nbd2 Bb7 12. Bc2 Re8 13. Nf1 Bf8 14. Ng3 g6 15. a4
c5 16. d5 c4 17. Bg5 h6 18. Be3 Bg7 19. Nd2 Qc7 20. Qf3 Nc5 21. Ne2 Nfd7 22. Ra3
Nb6 23. a5 Nbd7 24. g4 Qd8 25. Qg3 Rc8 26. h4 Qe7 27. Qh3 Rc7 28. Ng3 Qd8 29.
Kg2 Bc8 30. f3 Bb7 31. Rg1 Bc8 32. Kf2 Rb7 33. Raa1 Rc7 34. Ke2 Rb7 35. Rh1 Rc7
36. Qg2 Rb7 37. Rag1 Rc7 38. Nf5 gxf5 39. gxf5 1-0

[Event "Olimpiade 2024 - Donne"]
[Site "Budapest"]
[Date "20.09.2024"]
[Round "9.23"]
[Board "4"]
[White "Tamarozi, Isabelle"]
[Black "Canales Chinchilla, Victoria"]
[Result "1-0"]
[WhiteElo "2059"]
[BlackElo "1825"]
[WhiteTeam "Brazil"]
[BlackTeam "Costa Rica"]
[WhiteFideId "2132400"]
[BlackFideId "6525490"]
[EventDate "2024.09.11"]

1. e4 c5 2. Nf3 Nc6 3. d4 cxd4 4. Nxd4 g6 5. c4 Nf6 6. Nc3 d6 7. Be2 Nxd4 8.
Qxd4 Bg7 9. Bg5 O-O 10. Qd2 a5 11. Rd1 a4 12. e5 Nd7 13. exd6 f6 14. dxe7 Qxe7
15. Be3 Ne5 16. O-O Be6 17. Nd5 Qf7 18. Bc5 Rfe8 19. b3 Rac8 20. Ba3 axb3 21.
axb3 Rcd8 22. Rfe1 f5 23. Bb2 Bxd5 24. cxd5 f4 25. f3 Kh8 26. Bb5 Re7 27. Re4 g5
28. Ba3 Nxf3+ 29. gxf3 Rxe4 30. fxe4 Qh5 31. Rf1 f3 32. Qf2 g4 33. Bb2 Rd6 34.
Ra1 h6 35. Ra8+ Kh7 36. Bxg7 Kxg7 37. Be8 Qg5 38. Rc8 Rd8 39. Qd4+ Kf8 40. Rxd8
Qc1+ 41. Kf2 Qc2+ 42. Kg3 Qg2+ 43. Kf4 Qxh2+ 44. Kf5 1-0

[Event "Olimpiade 2024 - Donne"]
[Site "Budapest"]
[Date "20.09.2024"]
[Round "9.24"]
[Board "1"]
[White "Martynkova, Olena"]
[Black "Antonova, Nadezhda"]
[Result "1/2-1/2"]
[WhiteTitle "WIM"]
[BlackTitle "WFM"]
[WhiteElo "2176"]
[BlackElo "1967"]
[WhiteTeam "Lithuania"]
[BlackTeam "Tajikistan"]
[WhiteFideId "14134039"]
[BlackFideId "14700182"]
[EventDate "2024.09.11"]

1. d4 Nf6 2. c4 e6 3. g3 d5 4. Nf3 Be7 5. Bg2 O-O 6. O-O dxc4 7. Qc2 b5 8. a4
Bb7 9. axb5 a6 10. bxa6 Nxa6 11. Qxc4 Bd5 12. Qc3 c5 13. Be3 Ne4 14. Qc1 cxd4
15. Bxd4 Nec5 16. Bxc5 Nxc5 17. Rxa8 Qxa8 18. Nc3 Rb8 19. Nxd5 Qxd5 20. Rd1 Qb7
21. Nd4 Qxb2 22. Nc6 Qb7 23. Nxb8 Qxb8 24. Qc4 g6 25. e3 Qb2 26. h4 h5 27. Qd4
Qxd4 28. exd4 Nd7 29. Bc6 Nf6 30. Kf1 Kg7 31. Ke2 Ng4 32. Rb1 Nh6 33. Rb7 Nf5
34. Kd3 Kf6 35. Be4 Nd6 36. Rd7 Bf8 37. f3 Kg7 38. g4 Kf6 39. Ra7 Kg7 40. Ra5
hxg4 41. fxg4 Be7 42. h5 gxh5 43. gxh5 f5 44. Bf3 Bg5 45. Ra6 Bf4 46. Bd1 e5 47.
dxe5 Bxe5 48. Bf3 Kh6 49. Kc2 Kg7 50. Kb3 Kh6 51. Kb4 Kg7 52. Kc5 Kf6 53. Kd5
Bf4 54. Rxd6+ Bxd6 55. Kxd6 Kg7 1/2-1/2

[Event "Olimpiade 2024 - Donne"]
[Site "Budapest"]
[Date "20.09.2024"]
[Round "9.24"]
[Board "2"]
[White "Saidova, Rukhshona"]
[Black "Limontaite, Simona"]
[Result "1/2-1/2"]
[BlackTitle "WIM"]
[WhiteElo "1873"]
[BlackElo "2177"]
[WhiteTeam "Tajikistan"]
[BlackTeam "Lithuania"]
[WhiteFideId "14701227"]
[BlackFideId "12802506"]
[EventDate "2024.09.11"]

1. e4 e6 2. d4 d5 3. e5 c5 4. c3 Nc6 5. Nf3 Qb6 6. a3 Bd7 7. b4 cxd4 8. cxd4 Rc8
9. Be2 Nge7 10. O-O Nf5 11. Bb2 Be7 12. g3 g5 13. g4 Ng7 14. Qd3 Na5 15. Nbd2
Nc4 16. Nxc4 dxc4 17. Qe3 h5 18. Nxg5 hxg4 19. Bxg4 Nf5 20. Bxf5 exf5 21. f4 Bc6
22. Rae1 Bd5 23. Rf2 Rc6 24. Qd2 Rg6 25. Bc3 Rh5 26. Kf1 Bxg5 27. fxg5 Rgxg5 28.
e6 fxe6 29. Qf4 Kd7 30. Re5 Qc6 31. Qe3 Qa4 32. Rxd5+ exd5 33. Re2 Qd1+ 34. Be1
Qd3 35. Qe7+ Kc8 36. Qc5+ Kb8 37. Qd6+ Kc8 38. Qf8+ Kc7 39. Qf7+ Kc8 40. Qe8+
Kc7 41. Qe5+ Kc8 42. Qe8+ Kc7 43. Qe7+ Kc8 44. Qc5+ Kb8 45. Qd6+ Kc8 46. Qe6+
Kc7 47. Qe7+ Kc8 1/2-1/2

[Event "Olimpiade 2024 - Donne"]
[Site "Budapest"]
[Date "20.09.2024"]
[Round "9.24"]
[Board "3"]
[White "Baginskaite, Kamile"]
[Black "Tolibova, Dilola"]
[Result "1-0"]
[WhiteTitle "WGM"]
[WhiteElo "2103"]
[BlackElo "1831"]
[WhiteTeam "Lithuania"]
[BlackTeam "Tajikistan"]
[WhiteFideId "2014599"]
[BlackFideId "14704374"]
[EventDate "2024.09.11"]

1. d4 d5 2. c4 e6 3. Nc3 a6 4. cxd5 exd5 5. Bf4 c6 6. e3 Bd6 7. Bxd6 Qxd6 8. Bd3
Nf6 9. h3 Nbd7 10. Nf3 b5 11. O-O O-O 12. Rc1 Re8 13. Qc2 Nf8 14. e4 dxe4 15.
Nxe4 Nxe4 16. Bxe4 Bd7 17. Rfd1 Rac8 18. Ne5 Qe6 19. Bxc6 Bxc6 20. Nxc6 Ng6 21.
d5 Qd6 22. Qc5 Qxc5 23. Rxc5 Kf8 24. d6 Red8 25. d7 Ra8 26. Nxd8 Rxd8 27. Rc8
Ke7 28. Rxd8 Kxd8 29. Rd6 Ne5 30. Rxa6 Kxd7 31. Rb6 g6 32. Rxb5 Ke6 33. a4 f5
34. a5 Kd6 35. Rxe5 1-0

[Event "Olimpiade 2024 - Donne"]
[Site "Budapest"]
[Date "20.09.2024"]
[Round "9.24"]
[Board "4"]
[White "Mashabova, Shukrona"]
[Black "Sibajeva, Marija"]
[Result "0-1"]
[BlackTitle "WFM"]
[WhiteElo "1711"]
[BlackElo "2007"]
[WhiteTeam "Tajikistan"]
[BlackTeam "Lithuania"]
[WhiteFideId "14702037"]
[BlackFideId "12807583"]
[EventDate "2024.09.11"]

1. e4 c5 2. Nf3 e6 3. d4 cxd4 4. Nxd4 a6 5. Nc3 b5 6. Bd3 Bb7 7. O-O Qc7 8. Nb3
Nf6 9. f4 b4 10. e5 bxc3 11. exf6 gxf6 12. bxc3 Be7 13. Be3 d6 14. Qe2 Nd7 15.
Rab1 Rg8 16. Rf2 f5 17. Na5 Bd5 18. c4 Qxa5 19. cxd5 Qxd5 20. c4 Qc6 21. Qc2 Bd8
22. Re2 Kf8 23. Ree1 Rg6 24. Bf1 Rc8 25. Red1 Nc5 26. Qb2 Kg8 27. Qe2 Ne4 28.
Rdc1 Ba5 29. Qf3 h6 30. Rb3 Bd2 31. Bxd2 Nxd2 32. Qxc6 Rxc6 33. Rb8+ Kh7 34. Bd3
Rg8 35. Rxg8 Kxg8 36. Rc2 Ne4 37. Rb2 Kg7 38. g3 Nc5 39. Be2 Na4 40. Rb3 Rb6 41.
Kf2 Kf6 42. Ke3 Ke7 43. Rxb6 Nxb6 44. Kd3 f6 45. Bd1 e5 46. Bc2 Ke6 47. Bb3 Kd7
48. h3 Kc6 49. g4 fxg4 50. hxg4 Kc5 51. f5 a5 52. a3 d5 53. cxd5 Nxd5 54. Ke4
Nc3+ 55. Kd3 Nb5 56. a4 Nd6 57. Be6 Kb4 58. Bd7 Nb7 59. Bc6 Nc5+ 60. Ke3 Nxa4
61. Bxa4 Kxa4 62. Ke4 Kb3 63. Kd5 a4 64. Ke6 a3 65. Kxf6 a2 66. Kxe5 a1=Q+ 67.
Ke6 Qg7 0-1

[Event "Olimpiade 2024 - Donne"]
[Site "Budapest"]
[Date "20.09.2024"]
[Round "9.25"]
[Board "1"]
[White "Tsolakidou, Stavroula"]
[Black "Dornbusch, Tatiana"]
[Result "1-0"]
[WhiteTitle "IM"]
[BlackTitle "WGM"]
[WhiteElo "2444"]
[BlackElo "2212"]
[WhiteTeam "Greece"]
[BlackTeam "Monaco"]
[WhiteFideId "4264312"]
[BlackFideId "14107449"]
[EventDate "2024.09.11"]

1. e4 e5 2. Nf3 Nc6 3. Bb5 a6 4. Ba4 Bc5 5. c3 Nge7 6. O-O Ba7 7. d4 Ng6 8. Bg5
f6 9. Be3 O-O 10. Re1 d6 11. Nbd2 Kh8 12. Bc2 Bd7 13. h3 Qe8 14. Nf1 Nf4 15. Ng3
g5 16. Nf5 Rg8 17. Nh2 Ne7 18. Ng4 Rf8 19. g3 Nfg6 20. h4 Nxf5 21. exf5 Ne7 22.
hxg5 fxg5 23. dxe5 Bxe3 24. Rxe3 Nxf5 25. exd6 Qh5 26. Bxf5 Bxf5 27. Qd4+ Kg8
28. Nf6+ Rxf6 29. Qxf6 Rf8 30. Qd4 cxd6 31. Qd5+ Qf7 32. Qxf7+ Kxf7 33. Rae1 Kf6
34. Re7 Rf7 35. Rxf7+ Kxf7 36. f4 gxf4 37. Rf1 Ke6 38. Rf2 f3 39. Rxf3 Ke5 40.
Rf4 b6 41. Kf2 b5 42. Ke3 Bb1 43. Rf7 Bxa2 44. Rxh7 b4 45. Rh5+ Ke6 46. cxb4 Bc4
47. Kd4 Be2 48. Rh6+ Ke7 49. Rg6 Bf1 50. g4 Bg2 51. g5 Bc6 52. Rf6 Bb7 53. Rf4 1-0